000 01022cam a2200229 4500
001 ##L133989
008 060628n2006 000 0 eng u
035 _a(Sirsi) u133989
041 0 _aeng
050 0 4 _a333.33016 $2 18
110 2 _aInvestment Property Databank
_92288
245 0 0 _aIPD UK monthly index
_bMay 2006
260 _aLondon
_bIPD
_c2006
490 0 _aIPD UK Monthly Index
520 _aReports on commercial property performance in May 2006. Provides figures for total return, capital growth, income return and rental growth for all-property, retail, office and industrial sectors. This month, property outperformed equities and gilts, and the office sector led industrial for the fifth consecutive month.
590 _aIKA040706
650 2 4 _aIPD UK MONTHLY INDEX
651 4 _aUnited Kingdom
_y
690 _aPROPERTY-COMMERCIAL PROPERTY-COMMERCIAL PROPERTY FINANCE AND INVESTMENT
856 4 0 _uhttps://www.ipdindex.co.uk/
_zView the item free of charge at www.ipdindex.co.uk...
942 _n0
999 _c105514
_d105514